| 000 | 00425nam a22001577a 4500 | ||
|---|---|---|---|
| 005 | 20250523162429.0 | ||
| 008 | 250523b |||||||| |||| 00| 0 eng d | ||
| 020 | _a047103374 | ||
| 050 |
_aHC 106 _b.7.M45 |
||
| 100 | _aMELLOAN, GEORGE | ||
| 245 |
_aTHE CARTER ECONOMY _cGEORGE MELLOAN AND JOAN MELLOAN |
||
| 260 |
_aCANADA _bJOHN WILEY & SONS _cc1978 |
||
| 300 | _axi;, 312p;. | ||
| 700 | _aJOAN MELLOAN | ||
| 942 |
_2lcc _cBK _n0 |
||
| 999 |
_c5939 _d5939 |
||